Risk communication : a mental models approach

Αποθηκεύτηκε σε:
Λεπτομέρειες βιβλιογραφικής εγγραφής
Άλλοι συγγραφείς: Morgan, M. Granger (Millett Granger) 1941-
Μορφή: Βιβλίο
Γλώσσα:English
Δημοσίευση: Cambridge ; New York : Cambridge University Press, 2002
Θέματα:
Διαθέσιμο Online:http://www.loc.gov/catdir/toc/cam025/00067448.html
Ετικέτες: Προσθήκη ετικέτας
Δεν υπάρχουν, Καταχωρήστε ετικέτα πρώτοι!

MARC

LEADER 00000nam a2200000 i 4500
001 1/66363
008 041122s2002 eng d
020 |a 0-521-00256-7 
035 |l 10075384 
040 |a GR-MY-UA  |b gre  |e aacr 
041 0 |a eng 
082 0 |a 658.408 
245 1 0 |a Risk communication :  |b a mental models approach /  |c M. Granger Morgan ... [et al.] 
260 |a Cambridge ; New York :   |b Cambridge University Press,   |c 2002 
300 |a xi, 351 σ.;  |b εικ.;  |c 24 εκ. 
504 |a Περιέχει βιβλιογραφικές αναφορές και ευρετήριο 
650 0 0 |a Risk communication. 
700 1 |a Morgan, M. Granger  |q (Millett Granger)  |d 1941- 
852 |a INST  |b SAMOS  |e 20041122  |h 658.408 RIS  |p 005300022702  |q 005300022702  |t BK  |y 0 
856 |c πίνακας περιεχομένων  |u http://www.loc.gov/catdir/toc/cam025/00067448.html 
901 |a BIBL3-2004-3 
909 |a Σ  |b 114105 
920 |a ΔΙΕΥΡΥΝΣΗ  |b ΕΠΕΑΕΚ-ΤΜΠΕΣ  |y ΣΑΜΟΣ  |z 2004-10 
970 |a ΠΟΥΡΝΑΡΑΣ  |b ΔΗΜΗΤΡΗΣ  |z 2004/11/22